| 000 | 00451nam a22001817a 4500 | ||
|---|---|---|---|
| 003 | OSt | ||
| 008 | 250426b |||||||| |||| 00| 0 eng d | ||
| 020 | _a9788125601104 | ||
| 082 | _a615.19 SIP | ||
| 100 | _aSiddiqui, Anees Ahmed | ||
| 245 | _aPharmaceutical Chemistry | ||
| 250 | _a1st | ||
| 260 |
_aDelhi _bTara Pub _c2025 |
||
| 300 | _aviii,342 | ||
| 650 | _aPharmaceutical Inorganic Chemistry | ||
| 700 | _aSiddiqui, Seema | ||
| 942 |
_2ddc _cBK |
||
| 999 |
_c13457 _d13457 |
||